All 2024 Olympic Medalists: Rhythmic Gymnastics & Trampoline - Statistics

General Stats
  • This quiz has been taken 5 times
  • The average score is 5 of 24
Answer Stats
Event Medal Nationality/Team Medalist % Correct
Individual All-Around Gold Germany Darja Varfolomeev
100%
Individual All-Around Silver Bulgaria Boryana Kaleyn
75%
Individual All-Around Bronze Italy Sofia Raffaeli
75%
Women's Individual Trampoline Gold Great Britain Bryony Page
50%
Group All-Around Bronze Italy Alessia Maurelli
25%
Men's Individual Trampoline Gold Individual Neutral Athletes Ivan Litvinovich
25%
Women's Individual Trampoline Bronze Canada Sophiane Methot
25%
Women's Individual Trampoline Silver Individual Neutral Athletes Viyaleta Bardzilouskaya
25%
Men's Individual Trampoline Silver China Wang Zisai
25%
Men's Individual Trampoline Bronze China Yan Langyu
25%
Group All-Around Silver Israel Adar Friedmann
0%
Group All-Around Bronze Italy Agnese Duranti
0%
Group All-Around Bronze Italy Daniela Mogurean
0%
Group All-Around Silver Israel Diana Svertsov
0%
Group All-Around Gold China Ding Xinyi
0%
Group All-Around Gold China Guo Qiqi
0%
Group All-Around Gold China Hao Ting
0%
Group All-Around Gold China Huang Zhangjiayang
0%
Group All-Around Bronze Italy Laura Paris
0%
Group All-Around Bronze Italy Martina Centofanti
0%
Group All-Around Silver Israel Ofir Shaham
0%
Group All-Around Silver Israel Romi Paritzki
0%
Group All-Around Silver Israel Shani Bakanov
0%
Group All-Around Gold China Wang Lanjing
0%
No matching quizzes found
Score Distribution
Percent of People with Each Score
Percentile by Number Answered
Your Score History
You have not taken this quiz